000 00736nac a22002417a 4500
001 BR6004997
003 BR-BrBNA
005 20240618123552.0
008 230509b bl.|||m| |||| 00| 0 por d
040 _aBR-BrBNA
_bpor
072 _aC00
090 _aC00
_bBR6004997
110 1 _aUniversidade Federal Rural do Rio de Janeiro, Itaguai (Brasil)
_911225
245 1 _aRelatório anual 1975 /
260 3 _aItaguai, RJ (Brasil):
_c1975.
300 _a108 p.
490 _aRelatorio - Universidade Federal Rural do Rio de Janeiro (Brazil)
650 _aUNIVERSIDADE FEDERAL
650 _aPROGRAMA EDUCACIONAL
650 _aRIO DE JANEIRO
909 _a05/2024
_bSARAH
942 _cMS
999 _c261943
_d261943